[Event "Olomouc Chess Summer 2025 - D2"]
[Site "Olomouc (CZE), Hotel Flora"]
[Date "2025.08.22"]
[Round "7"]
[Board "6"]
[White "Kisa, Lubomir"]
[Black "Pavlicek, Petr"]
[Result "1-0"]
[WhiteElo "2137"]
[BlackElo "1916"]
[PlyCount "0"]
[EventDate "2025.08.17"]
[EventRounds "9"]
[EventCountry "CZE"]

1. e4 e6 2. d4 d5 3. Nc3 dxe4 4. Nxe4 Bd7 5. Nf3 Bc6 6. Bd3 Nd7 7. O-O Ngf6 8. Bg5
Be7 9. Bxf6 Nxf6 10. Qe2 Nxe4 11. Bxe4 Bxe4 12. Qxe4 c6 13. c4 O-O 14. Rad1 Bf6 15.
Rd3 Qc7 16. Rfd1 Rfd8 17. b3 g6 18. h4 h5 19. g4 Kh8 20. gxh5 gxh5 21. Ng5 Bxg5 22.
hxg5 Kg7 23. Qf3 Rh8 24. Qf6+ Kg8 25. Rg3 Rh7 26. g6 Rg7 27. Kh1 fxg6 28. Rxg6 Rxg6
29. Qxg6+ Kf8 30. Rg1 Rd8 31. Qf6+  1-0

[Event "Olomouc Chess Summer 2025 - D2"]
[Site "Olomouc (CZE), Hotel Flora"]
[Date "2025.08.22"]
[Round "7"]
[Board "7"]
[White "Margovsky, Naum"]
[Black "Popelka, Oldrich"]
[Result "0-1"]
[WhiteElo "1886"]
[BlackElo "2064"]
[PlyCount "0"]
[EventDate "2025.08.17"]
[EventRounds "9"]
[EventCountry "CZE"]

1. d4 Nf6 2. c4 g6 3. Nc3 Bg7 4. e4 d6 5. f3 O-O 6. Be3 c6 7. Qd2 a6 8. Bh6 b5 9.
Bxg7 Kxg7 10. Bd3 e5 11. Nge2 Nbd7 12. b3 Qb6 13. d5 bxc4 14. Na4 Qc7 15. bxc4 a5
16. Nec3 Ba6 17. O-O cxd5 18. cxd5 Nc5 19. Bxa6 Nxa4 20. Nxa4 Qa7+ 21. Qf2 Qxa6 22.
Rab1 Rab8 23. Rb6 Qc4 24. Rfb1 Rbc8 25. Nb2 Qxa2 26. Qe1 Qa3 27. Ra1 Qc5+ 28. Qf2
Qxf2+ 29. Kxf2 Rc2+ 30. Kf1 Rfc8 31. Nd1 Rd2 32. Rb2 Rxb2 33. Nxb2 Rc2 34. Nd3 Rd2
35. Ne1 h5 36. Rxa5 g5 37. Ra6 h4 38. Rxd6 g4 39. Rc6 h3 40. Rc2 g3 41. Kg1 Rd1 42.
Re2 Nh5 43. Re3 Nf4 44. gxh3 g2 45. h4 Rd2 46. Nxg2 Nxg2 47. Ra3 Nxh4 48. h3 Ng6
49. Rb3 Nf4 50. h4 Ng6 51. Kf1 Nxh4 52. Ke1 Rd4 53. Kf2 Ng6 54. Kg3 Nf4 55. Kg4 Nxd5
56. Kf5 Rb4 57. Ra3 Nb6 58. Ra1 Nd7 59. Rd1 Rd4 60. Rg1+ Kf8 61. f4 Rd2 62. Rf1 Ke7
63. fxe5 Rh2 64. e6 fxe6+ 65. Kf4 Rh4+ 66. Kf3 Nc5 67. Re1 Kd6 68. e5+ Kd5 69. Re2
Re4 70. Rd2+ Kxe5  0-1

[Event "Olomouc Chess Summer 2025 - D2"]
[Site "Olomouc (CZE), Hotel Flora"]
[Date "2025.08.22"]
[Round "7"]
[Board "8"]
[White "Marek, Jiri"]
[Black "Titera, Libor"]
[Result "1/2-1/2"]
[WhiteElo "1961"]
[BlackElo "1843"]
[PlyCount "0"]
[EventDate "2025.08.17"]
[EventRounds "9"]
[EventCountry "CZE"]

1. e4 c6 2. d4 d5 3. e5 Bf5 4. Ne2 e6 5. Ng3 Bg6 6. h4 h5 7. Be2 c5 8. c3 Nc6 9.
Nxh5 Bxh5 10. Bxh5 g6 11. Bf3 Rxh4 12. Rxh4 Qxh4 13. Be3 Bh6 14. g3 Qe7 15. Na3 Bxe3
16. fxe3 a6 17. Qd2 Qg5 18. Qf2 O-O-O 19. Nc2 Kb8 20. O-O-O cxd4 21. cxd4 Rc8 22.
Kb1 Nge7 23. a3 f5 24. Rh1 Na5 25. Ka2  1/2-1/2

[Event "Olomouc Chess Summer 2025 - D2"]
[Site "Olomouc (CZE), Hotel Flora"]
[Date "2025.08.22"]
[Round "7"]
[Board "9"]
[White "Green, Per"]
[Black "Meizlin, Yaacov"]
[Result "1/2-1/2"]
[WhiteElo "1961"]
[BlackElo "1925"]
[PlyCount "0"]
[EventDate "2025.08.17"]
[EventRounds "9"]
[EventCountry "CZE"]

1. c4 e5 2. g3 Nc6 3. Bg2 g6 4. Nc3 Bg7 5. e3 d6 6. Nge2 Be6 7. b3 Qd7 8. h3 Nge7
9. d4 d5 10. cxd5 Bxd5 11. Nxd5 Nxd5 12. Bb2 exd4 13. Nxd4 Nce7 14. Qd2 O-O 15. O-O
Rad8 16. Rac1 c6 17. Rfd1 Rfe8 18. Nf3 Bxb2 19. Qxb2 Qe6 20. Ng5 Qf6 21. Qxf6 Nxf6
22. h4 h6 23. Nh3 Nf5 24. Nf4 Kf8 25. Bh3 Nd6 26. Bf1 Nde4 27. a3 Nd2 28. b4 g5 29.
hxg5 hxg5 30. Nd3 Nxf1 31. Kxf1 Rd5 32. Nc5 Rxd1+ 33. Rxd1 b6 34. Nd7+ Nxd7 35. Rxd7
Re7 36. Rxe7 Kxe7 37. f4 Ke6 38. Ke2 Kf5 39. Kd3 gxf4 40. gxf4 c5 41. bxc5 bxc5 42.
a4 c4+ 43. Kxc4 Ke4 44. f5 Kxf5 45. Kd5 a5 46. e4 Kf4 47. e5 Kf5 48. Kd4 Kf4 49.
Kd5 Kf5 50. Kd4 Kf4 51. Kd5  1/2-1/2

[Event "Olomouc Chess Summer 2025 - D2"]
[Site "Olomouc (CZE), Hotel Flora"]
[Date "2025.08.22"]
[Round "7"]
[Board "11"]
[White "Kotva, Milan"]
[Black "Kolesar, Milan"]
[Result "0-1"]
[WhiteElo "1884"]
[BlackElo "2093"]
[PlyCount "0"]
[EventDate "2025.08.17"]
[EventRounds "9"]
[EventCountry "CZE"]

1. e4 c5 2. Nf3 d6 3. c3 Nf6 4. Qc2 Bg4 5. Be2 Nc6 6. d3 Bxf3 7. Bxf3 g6 8. O-O Bg7
9. Be2 O-O 10. f4 Rb8 11. Bf3 Qc7 12. a4 a6 13. Be3 Nd7 14. g4 b5 15. axb5 axb5 16.
Nd2 b4 17. Nc4 Nb6 18. Nxb6 Qxb6 19. Rfb1 Ra8 20. Rxa8 Rxa8 21. Qb3 Rb8 22. Rc1 Qa6
23. Qd1 bxc3 24. bxc3 Qa3 25. e5 Nd8 26. d4 cxd4 27. Bxd4 dxe5 28. fxe5 Ne6 29. Ra1
Qb2 30. Qc1 Nxd4  0-1

[Event "Olomouc Chess Summer 2025 - D2"]
[Site "Olomouc (CZE), Hotel Flora"]
[Date "2025.08.22"]
[Round "7"]
[Board "12"]
[White "Lepik, Jaroslav"]
[Black "Mojzis, Jan"]
[Result "1/2-1/2"]
[WhiteElo "1876"]
[BlackElo "2028"]
[PlyCount "0"]
[EventDate "2025.08.17"]
[EventRounds "9"]
[EventCountry "CZE"]

1. c4 e6 2. Nc3 d5 3. d4 c5 4. e3 Nf6 5. Nf3 Nc6 6. Be2 Be7 7. O-O O-O 8. b3 b6 9.
Bb2 Bb7 10. Rc1 cxd4 11. Nxd4 dxc4 12. Nxc6 Bxc6 13. Bxc4  1/2-1/2

[Event "Olomouc Chess Summer 2025 - D2"]
[Site "Olomouc (CZE), Hotel Flora"]
[Date "2025.08.22"]
[Round "7"]
[Board "14"]
[White "Ortoft, Kai"]
[Black "Med, Ladislav"]
[Result "1-0"]
[WhiteElo "1992"]
[BlackElo "1846"]
[PlyCount "0"]
[EventDate "2025.08.17"]
[EventRounds "9"]
[EventCountry "CZE"]

1. Nf3 g6 2. g3 Bg7 3. d4 c6 4. Bg2 d5 5. O-O Nf6 6. c4 O-O 7. cxd5 Nxd5 8. e4 Nf6
9. Nc3 e6 10. h3 Nbd7 11. Be3 Nb6 12. Qe2 Qe7 13. Rac1 Rd8 14. Rfd1 h6 15. a4 Nbd7
16. Bf4 Ne8 17. e5 Nb6 18. a5 Nd5 19. Bd2 Nec7 20. Ne4 Kh7 21. h4 Rf8 22. Qd3 f5
23. exf6 Nxf6 24. Ne5 Nxe4 25. Bxe4 Bxe5 26. dxe5 Qf7 27. Qe3 Kg8 28. Bb4 Nd5 29.
Bxd5 exd5 30. Bxf8 Qxf8 31. e6 Qe7 32. Re1 Kg7 33. a6 bxa6 34. Rxc6 Bb7 35. Qe5+
 1-0

[Event "Olomouc Chess Summer 2025 - D2"]
[Site "Olomouc (CZE), Hotel Flora"]
[Date "2025.08.22"]
[Round "7"]
[Board "15"]
[White "Fiser, Jiri"]
[Black "Spanton, Tim R"]
[Result "1/2-1/2"]
[WhiteElo "1860"]
[BlackElo "1982"]
[PlyCount "0"]
[EventDate "2025.08.17"]
[EventRounds "9"]
[EventCountry "CZE"]

1. b3 d5 2. Bb2 Nf6 3. Nf3 Bf5 4. g3 c5 5. Bg2 Nc6 6. d3 Qc7 7. Nbd2 e5 8. Nh4 Be6
9. e4 Be7 10. a3 Rd8 11. Qe2 Nd4 12. Bxd4 cxd4 13. O-O O-O 14. Nf5 dxe4 15. dxe4
Rc8 16. Nxe7+ Qxe7 17. Nf3 Rc5 18. a4 Rfc8 19. Ra2 Qc7 20. Ne1 Rc3 21. h3 h6 22.
Kh2 Nh7 23. h4 Nf6 24. Bh3 Qd7 25. Bxe6 Qxe6 26. f3 Re3 27. Qd2 Rcc3 28. Nd3 Nh5
29. Qg2 Qe7 30. Rf2 Rc6 31. Qh3 Rf6 32. Qg4 g6 33. Ra1 Ng7 34. Raf1 Kh7 35. Qc8 Rc6
36. Qb8 f6 37. Rd2 b6 38. Kg2 Ne6 39. Rff2 Qd7 40. Qa8 Rc8 41. Qd5 Qxd5 42. exd5
Nc7 43. Nb4 a5 44. d6 axb4 45. dxc7 Rxc7 46. f4 Rcc3 47. fxe5 Rxg3+ 48. Kf1 fxe5
49. Rf7+ Kg8 50. Rdf2 Rc8 51. R7f6 e4 52. R2f4 d3 53. cxd3 exd3 54. Rd6 g5 55. hxg5
hxg5 56. Rxb4 Rc2 57. Rbd4 Rh3 58. Kg1 Re3 59. Kf1 Rc1+ 60. Kf2 Re2+ 61. Kf3 Rf1+
62. Kg4 Kf7 63. Rxd3 Rg2+ 64. Kh3 Rgg1 65. Rd7+ Ke6 66. R3d6+ Kf5 67. Rd5+ Kg6 68.
R5d6+ Kf5  1/2-1/2

[Event "Olomouc Chess Summer 2025 - D2"]
[Site "Olomouc (CZE), Hotel Flora"]
[Date "2025.08.22"]
[Round "7"]
[Board "16"]
[White "Kubala, Karel"]
[Black "Malinovsky, Petr"]
[Result "0-1"]
[WhiteElo "1855"]
[BlackElo "1977"]
[PlyCount "0"]
[EventDate "2025.08.17"]
[EventRounds "9"]
[EventCountry "CZE"]

1. c4 e6 2. e4 d5 3. cxd5 exd5 4. exd5 Nf6 5. Bb5+ Bd7 6. Bc4 Bd6 7. Qe2+ Kf8 8.
h3 c6 9. dxc6 Nxc6 10. Nf3 Qc7 11. O-O Re8 12. Qd1 Nb4 13. Na3 a6 14. d4 b5 15. Be2
Ne4 16. Bd2 Nd5 17. Nc2 Nxd2 18. Qxd2 Bf4 19. Qd1 f6 20. Nce1 Kf7 21. Nd3 Re7 22.
Nd2 Rd8 23. Bf3 Bf5 24. Rc1 Qb8 25. Bxd5+ Rxd5 26. Qh5+ Kg8 27. Nxf4 Qxf4 28. Rc8+
Bxc8 29. Qxd5+ Be6 30. Qa8+ Kf7 31. Nb3 Bc4 32. Rd1 Re2 33. Qa7+ Kg6 34. d5 Bxd5
35. Qc5 Qe5 36. Kf1 Bc4 37. Qxe5 Rxe5+ 38. Kg1 Re2 39. Nd2 a5 40. Nxc4 bxc4 41. Rb1
Kf5 42. Kf1 Rc2 43. a4 Ke4 44. b3 c3 45. b4 axb4 46. Rxb4+ Kd3 47. Rb1 Ra2 48. Rd1+
Rd2 49. Rc1 c2 50. Ke1 Kc3 51. a5 Rd6  0-1

[Event "Olomouc Chess Summer 2025 - D2"]
[Site "Olomouc (CZE), Hotel Flora"]
[Date "2025.08.22"]
[Round "7"]
[Board "17"]
[White "Pesek, Petr"]
[Black "Bjornes, Leif"]
[Result "1/2-1/2"]
[WhiteElo "1853"]
[BlackElo "1963"]
[PlyCount "0"]
[EventDate "2025.08.17"]
[EventRounds "9"]
[EventCountry "CZE"]

1. e4 c6 2. g3 d5 3. e5 Bf5 4. d4 e6 5. Bd3 Ne7 6. Ne2 c5 7. c3 Nbc6 8. Bxf5 Nxf5
9. g4 Nh4 10. Ng3 cxd4 11. f4 Qb6 12. Qb3 Bc5 13. Qxb6 Bxb6 14. Na3 a6 15. c4 Ng2+
16. Kf2 Ne3 17. Bxe3 dxe3+ 18. Ke1 Ba5+ 19. Ke2 Bd2 20. cxd5 exd5 21. Nf5  1/2-1/2

[Event "Olomouc Chess Summer 2025 - D2"]
[Site "Olomouc (CZE), Hotel Flora"]
[Date "2025.08.22"]
[Round "7"]
[Board "18"]
[White "Franc, Lubor"]
[Black "Galt, Valeri"]
[Result "1/2-1/2"]
[WhiteElo "1849"]
[BlackElo "1962"]
[PlyCount "0"]
[EventDate "2025.08.17"]
[EventRounds "9"]
[EventCountry "CZE"]

1. e4 c5 2. Nf3 d6 3. d4 cxd4 4. Nxd4 Nf6 5. Nc3 a6 6. a4 e5 7. Nb3 Be6 8. g3 Be7
9. Bg2 O-O 10. Nd5 Nxd5 11. exd5 Bf5 12. O-O Qc7 13. c3 Bg6 14. a5 Nd7 15. Be3 Rae8
16. Re1 h5 17. Ra4 Nf6 18. Qe2  1/2-1/2

[Event "Olomouc Chess Summer 2025 - D2"]
[Site "Olomouc (CZE), Hotel Flora"]
[Date "2025.08.22"]
[Round "7"]
[Board "19"]
[White "Tejkal, Jiri"]
[Black "Svanholm, Borge Waaktaar"]
[Result "1/2-1/2"]
[WhiteElo "1845"]
[BlackElo "1936"]
[PlyCount "0"]
[EventDate "2025.08.17"]
[EventRounds "9"]
[EventCountry "CZE"]

1. d4 d5 2. Nf3 c6 3. Bf4 Bf5 4. e3 e6 5. Be2 Bd6 6. Bxd6 Qxd6 7. c3 h6 8. O-O Nf6
9. Nbd2 O-O 10. Ne5 Nbd7 11. Ndf3 Ne8 12. Nxd7 Qxd7 13. Ne5 Qc7 14. Bd3 Bxd3 15.
Qxd3 Nd6 16. Qe2 f6 17. Nd3 Nf7 18. Nf4 Rfe8 19. Qg4 Nd8 20. Rfe1 Qf7 21. Nd3 e5
22. Rad1 e4 23. Nf4 Ne6 24. Nxe6 Qxe6 25. Qxe6+ Rxe6 26. Rc1 Rd8 27. c4 Kf7 28. Kf1
f5 29. Rc3 Rd7 30. Rec1 g5 31. cxd5 cxd5 32. Rc8 Re8 33. R8c5 Re6 34. Ke2 Ra6 35.
a3 Rb6 36. b4 Ra6 37. R1c3 Ke7 38. Kd2 f4 39. Rc8 Rf6 40. b5 a6 41. a4 fxe3+ 42.
Kxe3 axb5 43. axb5 Rb6 44. R3c5 Rf6 45. Rh8 Ke6 46. Re8+ Kf7 47. Re5 Rfd6  1/2-1/2

[Event "Olomouc Chess Summer 2025 - D2"]
[Site "Olomouc (CZE), Hotel Flora"]
[Date "2025.08.22"]
[Round "7"]
[Board "20"]
[White "Tylecek, Drahomir"]
[Black "Musil, Vitezslav"]
[Result "0-1"]
[WhiteElo "1800"]
[BlackElo "1910"]
[PlyCount "0"]
[EventDate "2025.08.17"]
[EventRounds "9"]
[EventCountry "CZE"]

1. e4 e6 2. d4 d5 3. Nc3 Nf6 4. Bg5 Bb4 5. e5 h6 6. Bxf6 gxf6 7. Nf3 c5 8. Be2 Nc6
9. O-O cxd4 10. Nb5 fxe5 11. Nxe5 Nxe5 12. Qxd4 Bd6 13. f4 Ng6 14. f5 Be5 15. Qa4
O-O 16. fxg6 fxg6 17. Qg4 Qg5 18. Rxf8+ Kxf8 19. Rf1+ Kg7 20. Qf3 Qe7 21. c4 Bd7
22. cxd5 exd5 23. Qxd5 Bc6 24. Qc4 Rd8 25. Bf3 Bxf3 26. Rxf3 Rd1+ 27. Rf1 Rxf1+ 28.
Kxf1 Bxh2 29. Nxa7 Qf6+ 30. Ke2 Qxb2+ 31. Kd3 Be5 32. Ke4 Bb8 33. Nb5 Qxg2+ 34. Ke3
Qg3+ 35. Ke2 h5 36. Nd4 Qg4+ 37. Kd3 Qd7 38. Ke4 Kh7 39. a4 h4 40. Kf3 Qh3+ 41. Ke4
Qg4+ 42. Kd3 Qg3+ 43. Ke2 Qf4 44. Qd5 Qe5+  0-1

[Event "Olomouc Chess Summer 2025 - D2"]
[Site "Olomouc (CZE), Hotel Flora"]
[Date "2025.08.23"]
[Round "8"]
[Board "1"]
[White "Schmid, Thomas"]
[Black "Bartos, Alois"]
[Result "1-0"]
[WhiteElo "2038"]
[BlackElo "1974"]
[PlyCount "0"]
[EventDate "2025.08.17"]
[EventRounds "9"]
[EventCountry "CZE"]

1. e4 c5 2. Nf3 Nc6 3. Bb5 g6 4. Bxc6 dxc6 5. O-O Bg7 6. d3 Nf6 7. h3 Nd7 8. Nc3
e5 9. Be3 b6 10. a3 Qe7 11. Nd2 O-O 12. f4 exf4 13. Bxf4 Ne5 14. Nf3 Nxf3+ 15. Qxf3
Bb7 16. Qg3 Bxc3 17. bxc3 Qe6 18. Bh6 Rfe8 19. Bg5 Qe5 20. Qh4 Bc8 21. Bf6 Qh5 22.
Qxh5 gxh5 23. Rf3 Re6 24. e5 Kf8 25. Rg3 Rxf6 26. exf6 Bf5 27. Re1 Rd8 28. Re5 Rd5
29. Rxd5 cxd5 30. Rg5 Be6 31. Rxh5 Kg8 32. Kf2  1-0

[Event "Olomouc Chess Summer 2025 - D2"]
[Site "Olomouc (CZE), Hotel Flora"]
[Date "2025.08.23"]
[Round "8"]
[Board "3"]
[White "Popelka, Oldrich"]
[Black "Kisa, Lubomir"]
[Result "0-1"]
[WhiteElo "2064"]
[BlackElo "2137"]
[PlyCount "0"]
[EventDate "2025.08.17"]
[EventRounds "9"]
[EventCountry "CZE"]

1. c4 e5 2. Nc3 Nf6 3. e3 d5 4. cxd5 Nxd5 5. a3 Be7 6. Qc2 c6 7. Nf3 Qd6 8. b4 Be6
9. Bb2 Nxc3 10. Qxc3 f6 11. Bd3 Nd7 12. Qc2 g6 13. h4 O-O-O 14. Bc4 Nb6 15. Bxe6+
Qxe6 16. Rc1 Kb8 17. d4 exd4 18. Bxd4 Qg4 19. O-O Rd5 20. e4 Rh5 21. e5 Nd5 22. Be3
fxe5 23. Qc4 e4 24. Qd4 Rf8 25. Rxc6 Nxe3  0-1

[Event "Olomouc Chess Summer 2025 - D2"]
[Site "Olomouc (CZE), Hotel Flora"]
[Date "2025.08.23"]
[Round "8"]
[Board "4"]
[White "Babula, Milan"]
[Black "Dvorak, Vladimir"]
[Result "1-0"]
[WhiteElo "2086"]
[BlackElo "1912"]
[PlyCount "0"]
[EventDate "2025.08.17"]
[EventRounds "9"]
[EventCountry "CZE"]

1. e4 e6 2. d4 d5 3. Nc3 Be7 4. e5 c5 5. Nf3 cxd4 6. Nb5 Nc6 7. Nbxd4 f6 8. Bb5 Bd7
9. Nxc6 bxc6 10. Bd3 Qc7 11. Qe2 f5 12. O-O g6 13. c4 Qb6 14. a3 a6 15. b4 Kf7 16.
Be3 Qb7 17. Rfc1 h5 18. Qd2 Kg7 19. Rc2 Nh6 20. Bg5 Be8 21. cxd5 exd5 22. e6 Ng4
23. Rac1 Nf6 24. Nd4 Rc8 25. Qe2 Bd6 26. Bxf6+ Kxf6 27. Bxa6 Qb6 28. Bxc8 Qxd4 29.
Bd7 h4 30. Qe3 Qg4 31. h3 f4 32. Qd4+  1-0

[Event "Olomouc Chess Summer 2025 - D2"]
[Site "Olomouc (CZE), Hotel Flora"]
[Date "2025.08.23"]
[Round "8"]
[Board "5"]
[White "Pospisil, Evzen"]
[Black "fainberg, Boris"]
[Result "1/2-1/2"]
[WhiteElo "2020"]
[BlackElo "2083"]
[PlyCount "0"]
[EventDate "2025.08.17"]
[EventRounds "9"]
[EventCountry "CZE"]

1. d4 Nf6 2. g3 g6 3. Bg2 Bg7 4. c4 d6 5. Nc3 O-O 6. Nf3 Nbd7 7. O-O e5 8. e4 c6
9. h3 Qb6 10. dxe5 dxe5 11. Qe2 Qc7 12. b3 Re8 13. Ba3 Qa5 14. Qb2 b5 15. b4 Qa6
16. c5 Nf8 17. Rad1 Ne6 18. Rfe1 Nd4 19. Nxe5 Nh5 20. Rxd4 Bxe5 21. Rd3 Be6 22. Qc1
Bc4 23. Rf3 Rad8 24. Bb2 Ng7 25. Bf1 Bxf1 26. Kxf1 Ne6 27. Kg2 f6 28. a3 Ng5 29.
Rfe3 Bd4 30. R3e2 Qc8 31. Rh1 Qe6 32. f4 Bxc3 33. fxg5 Bxb2 34. Qxb2 fxg5 35. Rhe1
Rd3 36. Re3 Rxe3 37. Rxe3 Rf8 38. Qb3 Qxb3 39. Rxb3 Rd8 40. Kf3 Kf7 41. Ke2 h5 42.
Rd3 Rxd3 43. Kxd3 Kf6 44. Kd4 Ke6 45. g4 hxg4 46. hxg4 Kf6 47. e5+ Ke7 48. Ke3 a6
49. a4  1/2-1/2

[Event "Olomouc Chess Summer 2025 - D2"]
[Site "Olomouc (CZE), Hotel Flora"]
[Date "2025.08.23"]
[Round "8"]
[Board "6"]
[White "Kolesar, Milan"]
[Black "Green, Per"]
[Result "1/2-1/2"]
[WhiteElo "2093"]
[BlackElo "1961"]
[PlyCount "0"]
[EventDate "2025.08.17"]
[EventRounds "9"]
[EventCountry "CZE"]

1. Nf3 Nf6 2. c4 c5 3. Nc3 Nc6 4. d4 cxd4 5. Nxd4 e6 6. a3 d5 7. cxd5 exd5 8. Bg5
Bc5 9. Nf3 d4 10. Bxf6 Qxf6 11. Ne4 Qe7 12. Nxc5 Qxc5 13. g3 Bg4 14. Bg2 O-O 15.
O-O Rfe8 16. Re1 Rad8 17. Qb3 Re7 18. h3 Be6 19. Qd1 h6 20. Nd2 Bd5 21. Rc1 Qd6 22.
Bxd5 Qxd5 23. Nc4 Qf5 24. Kg2 h5 25. Qd3 Qg5 26. h4 Qf6 27. Qf3 Qg6 28. Qd3 Qf6 29.
Qf3  1/2-1/2

[Event "Olomouc Chess Summer 2025 - D2"]
[Site "Olomouc (CZE), Hotel Flora"]
[Date "2025.08.23"]
[Round "8"]
[Board "7"]
[White "Mlynek, Petr"]
[Black "Keprt, Pavel"]
[Result "1/2-1/2"]
[WhiteElo "2007"]
[BlackElo "1960"]
[PlyCount "0"]
[EventDate "2025.08.17"]
[EventRounds "9"]
[EventCountry "CZE"]

1. d4 Nf6 2. Nf3 b5 3. a4 b4 4. c4 e6 5. g3 Bb7 6. Bg2 c5 7. O-O a5 8. Bf4 d5 9.
Nbd2 Bd6 10. dxc5 Bxf4 11. gxf4 Nbd7 12. cxd5 Bxd5 13. Qc2 Rc8 14. e4 Rxc5 15. Qd3
Ba8 16. Rac1 O-O 17. e5 Rxc1 18. Rxc1 Nd5 19. Ng5 g6 20. Qh3 h5 21. Qg3 Ne7 22. Bxa8
Qxa8 23. Nde4 Nf5 24. Qd3 Qd5 25. Qxd5 exd5 26. Rc7 dxe4 27. Rxd7 Rc8 28. Nxe4 Rc1+
29. Kg2 Rc2 30. Nf6+ Kg7 31. Ne4 Kf8 32. b3 Rb2 33. Rd3 Ke7 34. Nf6 Nh6 35. Kf3 Ng4
36. Nxg4 hxg4+ 37. Kxg4 Rxf2 38. h3 Rb2 39. Kf3 Ke6 40. Kg4 Rg2+ 41. Kf3 Rb2 42.
Ke4 Re2+ 43. Kd4 Rc2 44. Ke3 Rh2 45. Rd6+ Ke7 46. Ra6 Rxh3+ 47. Kd4 Rxb3 48. Rxa5
Rf3 49. Ke4 Ra3 50. f5 gxf5+ 51. Kxf5 Rf3+ 52. Ke4 Ra3 53. Kd4 Rh3 54. Rb5 b3 55.
a5 Kd7 56. a6 b2 57. Rxb2 Ra3 58. Rb7+ Kc8 59. Rb6 Kd7 60. Rf6 Kc8 61. Kc5 Ra1 62.
Rb6 Rc1+ 63. Kd6 Ra1 64. Ke7 Kc7 65. Rf6 Re1 66. Rxf7 Rxe5 67. Kf6+ Kd6 68. a7 Ra5
69. Re7 Kc6  1/2-1/2

[Event "Olomouc Chess Summer 2025 - D2"]
[Site "Olomouc (CZE), Hotel Flora"]
[Date "2025.08.23"]
[Round "8"]
[Board "8"]
[White "Lorenc, Oldrich"]
[Black "Musil, Vitezslav"]
[Result "1/2-1/2"]
[WhiteElo "2005"]
[BlackElo "1910"]
[PlyCount "0"]
[EventDate "2025.08.17"]
[EventRounds "9"]
[EventCountry "CZE"]

1. e4 e6 2. d4 d5 3. exd5 exd5 4. Bd3 Bd6 5. Ne2 c6 6. Bf4 Bg4 7. Bxd6 Qxd6 8. h3
Bh5 9. c3 Nf6 10. Qc2 O-O 11. O-O Nbd7 12. Ng3 Bg6 13. Nd2 Rfe8 14. Rae1 Nf8 15.
Nf3 Bxd3 16. Qxd3 Ng6 17. Qf5 Qf4 18. Qxf4 Nxf4 19. Ne5 g6 20. Re3 Kg7 21. Rfe1 Re7
22. Ng4 Rxe3 23. Rxe3 Ne6 24. Ne5 Re8 25. Nd3  1/2-1/2

[Event "Olomouc Chess Summer 2025 - D2"]
[Site "Olomouc (CZE), Hotel Flora"]
[Date "2025.08.23"]
[Round "8"]
[Board "9"]
[White "Meizlin, Yaacov"]
[Black "Ortoft, Kai"]
[Result "1-0"]
[WhiteElo "1925"]
[BlackElo "1992"]
[PlyCount "0"]
[EventDate "2025.08.17"]
[EventRounds "9"]
[EventCountry "CZE"]

1. c4 e5 2. Nc3 Nf6 3. g3 d5 4. cxd5 Nxd5 5. Bg2 Nb6 6. Nf3 Nc6 7. d3 Be7 8. O-O
O-O 9. a3 Be6 10. b4 a6 11. Ne4 Nd7 12. Bb2 h6 13. Rc1 f5 14. Ned2 Bf6 15. Qc2 Qe7
16. Nb3 Rac8 17. Nfd2 Nd8 18. Na5 b6 19. Nc6 Nxc6 20. Bxc6 Rb8 21. Bxd7 Bxd7 22.
Qxc7 Rfc8 23. Qa7 a5 24. bxa5 bxa5 25. Rxc8+ Rxc8 26. Nc4 Re8 27. Nxa5 Qd6 28. Nc4
Qe6 29. Qb6 Qd5 30. Qd6 Qxd6 31. Nxd6 Rb8 32. Nc4 e4 33. Bxf6 gxf6 34. f3 exd3 35.
exd3 Rb3 36. Rd1 Bb5 37. Kf2 Kg7 38. Ke2 Bxc4 39. dxc4 Rxa3 40. Rd3 Ra2+ 41. Rd2
Ra3 42. Rc2 Kf7 43. c5 Ke6 44. c6 Ra8 45. c7 Rc8 46. Ke3 Ke5 47. Rc1 f4+ 48. gxf4+
Kd5 49. Kd3 Kd6 50. Ke4 h5 51. Kf5 Ke7 52. h4 Kf7 53. Rc6 Kg7 54. Ke6  1-0

[Event "Olomouc Chess Summer 2025 - D2"]
[Site "Olomouc (CZE), Hotel Flora"]
[Date "2025.08.23"]
[Round "8"]
[Board "10"]
[White "Malinovsky, Petr"]
[Black "Titera, Libor"]
[Result "1/2-1/2"]
[WhiteElo "1977"]
[BlackElo "1843"]
[PlyCount "0"]
[EventDate "2025.08.17"]
[EventRounds "9"]
[EventCountry "CZE"]

1. d4 b5 2. e4 Bb7 3. f3 b4 4. c4 e5 5. d5 Bc5 6. Ne2 Ne7 7. Nd2 a5 8. Nb3 d6 9.
Nxc5 dxc5 10. Be3 Qd6 11. Nc1 Nd7 12. Nd3 O-O 13. g4 c6 14. Qd2  1/2-1/2

[Event "Olomouc Chess Summer 2025 - D2"]
[Site "Olomouc (CZE), Hotel Flora"]
[Date "2025.08.23"]
[Round "8"]
[Board "11"]
[White "Hruska, Vladimir"]
[Black "Marek, Jiri"]
[Result "1/2-1/2"]
[WhiteElo "1901"]
[BlackElo "1961"]
[PlyCount "0"]
[EventDate "2025.08.17"]
[EventRounds "9"]
[EventCountry "CZE"]

1. e4 c5 2. Nf3 Nc6 3. d4 cxd4 4. Nxd4 Nf6 5. Nc3 e5 6. Ndb5 d6 7. Bg5 a6 8. Bxf6
gxf6 9. Na3 b5 10. Nd5 Be6 11. c3 Bg7 12. Nc2 O-O 13. Nce3  1/2-1/2

[Event "Olomouc Chess Summer 2025 - D2"]
[Site "Olomouc (CZE), Hotel Flora"]
[Date "2025.08.23"]
[Round "8"]
[Board "12"]
[White "Mojzis, Jan"]
[Black "Jenssen, Ove S"]
[Result "1-0"]
[WhiteElo "2028"]
[BlackElo "1880"]
[PlyCount "0"]
[EventDate "2025.08.17"]
[EventRounds "9"]
[EventCountry "CZE"]

1. e4 c6 2. d4 d5 3. exd5 cxd5 4. c4 Nf6 5. Nf3 Bg4 6. Nc3 e6 7. cxd5 Nxd5 8. Qa4+
Nd7 9. Nxd5 Bxf3 10. gxf3 exd5 11. Bh3 a6 12. O-O b5 13. Re1+ Be7 14. Qb4 Nb6 15.
Bg5 f6 16. Rxe7+ Qxe7 17. Re1 Ra7 18. Bf4 Kf7 19. Rxe7+ Rxe7 20. Qd6  1-0

[Event "Olomouc Chess Summer 2025 - D2"]
[Site "Olomouc (CZE), Hotel Flora"]
[Date "2025.08.23"]
[Round "8"]
[Board "14"]
[White "Spanton, Tim R"]
[Black "Kulhavy, Frantisek"]
[Result "1-0"]
[WhiteElo "1982"]
[BlackElo "1886"]
[PlyCount "0"]
[EventDate "2025.08.17"]
[EventRounds "9"]
[EventCountry "CZE"]

1. e4 c5 2. Nf3 Nc6 3. Bb5 e6 4. Bxc6 bxc6 5. d3 Qc7 6. e5 Ne7 7. Qe2 Ng6 8. h4 d6
9. b3 Nxe5 10. Nxe5 dxe5 11. Bb2 f6 12. Nd2 Ba6 13. O-O-O Qa5 14. Kb1 Rd8 15. Qh5+
g6 16. Qf3 Be7 17. h5 Kd7 18. Qe4 Qb4 19. Nc4 Bxc4 20. dxc4+ Kc7 21. hxg6 hxg6 22.
Rxh8 Rxh8 23. Bxe5+ Kb6 24. Bb2 Rd8 25. Rxd8 Bxd8 26. Qxe6 Qd2 27. Bxf6 Bc7 28. Qe3
Qd1+ 29. Kb2 Qh5 30. Be7 Qf5 31. b4 Be5+ 32. c3 Qd7 33. Bxc5+ Kb7 34. Bd4 Bb8 35.
Qe4 a6 36. Qxg6 Be5 37. Bxe5  1-0

[Event "Olomouc Chess Summer 2025 - D2"]
[Site "Olomouc (CZE), Hotel Flora"]
[Date "2025.08.23"]
[Round "8"]
[Board "15"]
[White "Bjornes, Leif"]
[Black "Margovsky, Naum"]
[Result "0-1"]
[WhiteElo "1963"]
[BlackElo "1886"]
[PlyCount "0"]
[EventDate "2025.08.17"]
[EventRounds "9"]
[EventCountry "CZE"]

1. d4 d5 2. c4 c6 3. Nf3 Nf6 4. Nc3 dxc4 5. a4 Bf5 6. e3 e6 7. Bxc4 Nbd7 8. O-O Be7
9. Qe2 O-O 10. e4 Bg4 11. Rd1 Qc7 12. h3 Bh5 13. Bg5 Rfe8 14. Rac1 Qa5 15. Bf4 Bb4
16. Bd2 Rad8 17. e5 Nd5 18. Nxd5 Bxd2 19. Qxd2 Qxd2 20. Rxd2 exd5 21. Be2 f6 22.
g4 Bf7 23. exf6 gxf6 24. Bd3 Bg6 25. Kf1 Nf8 26. Nh4 Be4 27. f3 Bxd3+ 28. Rxd3 Re6
29. Re1 Rde8 30. Rxe6 Nxe6 31. Re3 Kf8 32. Nf5 Nc7 33. Kf2 b6 34. h4 c5 35. Rxe8+
Nxe8 36. Ke3 Kf7 37. Kd3 Ke6 38. Kc3 Nc7 39. b3 Kd7 40. Ng7 Ne6 41. Nf5 Nf4 42. h5
a5 43. Kd2 Ne6 44. Kd3 Ng5 45. Ke2 Nf7 46. Kd3 Nd6 47. Ne3 Ke6 48. Ng2 Nf7 49. Nf4+
Kd6 50. Nh3 Ng5 51. Ng1 Ke6 52. Ke3 Kd6 53. Ne2 Ne6 54. Kd3 Nd8 55. Ng3 Nc6 56. Nf5+
Kd7 57. f4 Nd8 58. Ng7 Ne6 59. Nxe6 Kxe6 60. f5+ Kf7 61. h6 Ke7 62. Kc3 cxd4+ 63.
Kd3 Kd7 64. Kxd4 Kd6  0-1